Astérix : el adivino /

Guardado en:
Autor Principal: Goscinny, René
Otros Autores: Uderzo, A.; il., Mora, Víctor; trad.
Formato: Libro
Publicado: Buenos Aires ; Barcelona : Salvat : Aique, 2012.
Materias:
Etiquetas: Agregar Etiqueta
Sin Etiquetas, Sea el primero en etiquetar este registro!
LEADER 00859nam a22002535a 4500
001 CEM.cems024691
008 250617s2012####sp############000#0#####d
005 20250617151451.0
245 1 0 |a Astérix :  |b el adivino /  |c René Goscinny ; ilustrado Por A. Uderzo ; traducido Por Víctor Mora. 
260 |a Buenos Aires ;  |a Barcelona :  |b Salvat :  |b Aique,  |c 2012. 
300 |a 48 p. 
500 |a Título original: Le Devin. 
500 |a Edición especial del Ministerio de Educación de la Nación. 
020 |a 9789870604211 
100 1 |a Goscinny, René 
700 1 |a Uderzo, A.; il. 
700 1 |a Mora, Víctor; trad. 
082 0 4 |a 843.9 
653 |a Literatura 
653 |a Literatura francesa 
653 |a Literatura infantil 
653 |a Cuentos infantiles 
653 |a Historieta 
859 |a CEMS  |b BIB. CEMS - Inicial y Primaria  |h 843.9  |i G692-1  |k IP  |p 3975  |t Ej.1